| 000 | 00452nam a2200193Ia 4500 | ||
|---|---|---|---|
| 005 | 20260622125720.0 | ||
| 008 | 131103s9999 xx 000 0 und d | ||
| 040 | _aLoreto College | ||
| 041 | _aEnglish | ||
| 082 |
_a264.025 _bPUT |
||
| 100 | _aPutz, Joseph | ||
| 245 |
_aMy Mass _cJoseph Putz |
||
| 260 |
_aRanchi _bCatholic _c1938 |
||
| 300 | _aiii,77p. | ||
| 650 | _aMass | ||
| 651 | _aChristian religion | ||
| 850 | _aLCLIB | ||
| 942 | _cBK | ||
| 999 |
_c24459 _d74938 |
||